000 00827nam a22002537a 4500
003 DO-SdBNP
005 20220602120216.0
008 161013b2003 sp||| 00| 0 spa d
020 _a8429472320
040 _aBPMSU
_bspa
_cBPMSU
082 _aR910
_bA881g 2003
_222
245 _aAtlas general secundaria /
_cFélix Planelló... [y otros]; coordinación Jesús Crespo Redondo
260 _aMadrid :
_bSantillana Educación ,
_c2003
300 _a152 p. :
_bil. :
_c34 cm
505 _tEuropa --
_tAsia --
_tAmérica del norte --
_tAmérica central y del sur --
_tÁfrica --
_tOcenía --
590 _6Inventariado, 2022/VM
650 4 _aAtlas.
650 4 _aGeografía.
650 4 _aMapas
700 1 _aPlanelló, Félix
700 1 _aCrespo Redondo, Jesús
_ecoordinador
_c
910 _aVMateo V.
942 _2ddc
_cBK
999 _c11563
_d11563